000 01145cam a2200313 a 4500
999 _c6189
_d6189
001 1088984
003 OSt
005 20200130104614.0
008 921001s1993 nyua b 001 0 eng
010 _a 92035125
020 _a0070326398 :
_c$53.00
020 _a9780071126571
020 _a0071126570
040 _aDLC
_cDLC
_dDLC
043 _an-us---
050 0 0 _aHG2491
_b.J64 1993
082 0 0 _a332.15
_220
_bJOH/F
100 _aJohnson, Hazel J
_91610
245 1 0 _aFinancial institutions and markets :
_ba global perspective /
_cHazel J. Johnson.
260 _aNew York :
_bMcGraw-Hill,
_cc1993.
300 _axxi, 560 p. :
_bill. (some col.) ;
_c27 cm.
440 0 _aMcGraw-Hill series in finance
504 _aIncludes bibliographical references and index.
650 0 _aFinancial institutions
_zUnited States.
650 0 _aFinancial institutions, International.
906 _a7
_bcbc
_corignew
_d1
_eocip
_f19
_gy-gencatlg
942 _2ddc
_cBK
_h332.15
_iJOH/F
_k332.15
_mJOH/F